000 01002nam a2200229 i 4500
001 24120
003 ES-MaACL
005 20250404180847.0
007 t|
008 021216s1949 sp ||||1| spa d
245 0 3 _aEl anteproyecto de reforma de la Sociedad Anónima
_b: encuesta publicada en El Correo Catalán /
_cOriol Anguera de Sojo... [et al.] ; con un resumen por Claudio Colomer Marqués.
260 _aBarcelona :
_bBosch,
_c1949 (
_fJ. Sabater Bros)
300 _a113 p. ;
_c23 cm.
650 4 _917183
_aSociedades anónimas-
_zEspaña
700 1 _aAnguera de Sojo, Oriol.
_921764
700 1 _aColomer Marqués, Claudio.
_939854
852 _aES-MaACL
_jD-6538
_bR.30047
_bR.M.6129
_925017
_cSVI
_fSello en tinta azul de la Biblioteca del Ateneo de Madrid
_zEn cubierta: "11.ENE."
942 _2udc
_cMONOGRAFIA
999 _c24120
_d24120